[Event "Florianopolis op 9th"]
[Site "Florianopolis"]
[Date "2023.01.29"]
[Round "10"]
[White "Ramazzotte, Alexandre Franco"]
[Black "Ferreira de Souza, Ricardo"]
[Result "1-0"]
[WhiteElo "1649"]
[BlackElo "1365"]
[PlyCount "45"]
[EventDate "2023.01.23"]
[EventType "swiss"]
[EventRounds "10"]
[EventCountry "BRA"]
[SourceTitle "CBM 212 Extra"]
[Source "ChessBase"]
[SourceDate "2023.03.31"]
[SourceVersion "1"]
[SourceVersionDate "2023.03.31"]
[SourceQuality "1"]

1. e4 c5 2. Nf3 Nc6 3. d4 cxd4 4. Nxd4 e6 5. Be2 Bc5 6. Be3 Qb6 7. Nxc6 Bxe3 8. fxe3 Qxb2 9. Qd4 Qxc2 10. Nb4 Qc1+ 11. Bd1 Nf6 12. 0-0 Qc7 13. e5 Ng8 14. Nc3 a6 15. Ne4 Nh6 16. Nd6+ Kf8 17. Qf4 Ke7 18. Bh5 Rf8 19. Qg5+ f6 20. Qxg7+ Nf7 21. Bxf7 fxe5 22. Bg8+ Kxd6 23. Qxf8# 1-0

[Event "Florianopolis op 9th"]
[Site "Florianopolis"]
[Date "2023.01.24"]
[Round "3"]
[White "Poli, Maria Luiza De Oliv"]
[Black "Ramazzotte, Alexandre Franco"]
[Result "0-1"]
[WhiteElo "1156"]
[BlackElo "1649"]
[PlyCount "83"]
[EventDate "2023.01.23"]
[EventType "swiss"]
[EventRounds "10"]
[EventCountry "BRA"]
[SourceTitle "CBM 212 Extra"]
[Source "ChessBase"]
[SourceDate "2023.03.31"]
[SourceVersion "1"]
[SourceVersionDate "2023.03.31"]
[SourceQuality "1"]

1. e4 e6 2. Nc3 d5 3. exd5 exd5 4. d4 Nf6 5. Bd3 Bd6 6. Bg5 c6 7. Nf3 Bg4 8. Qe2+ Qe7 9. Qxe7+ Bxe7 10. 0-0-0 0-0 11. h3 Bxf3 12. gxf3 Nbd7 13. Rde1 Rfe8 14. Bf4 Bb4 15. Bd2 Bd6 16. Rhg1 Rxe1+ 17. Rxe1 Re8 18. Rxe8+ Nxe8 19. Ne2 g6 20. c4 dxc4 21. Bxc4 Nb6 22. Bb3 Nf6 23. Ng3 Nfd5 24. Ne4 Be7 25. Bxd5 Nxd5 26. Nc3 Nb4 27. Kd1 Nd3 28. Kc2 Nxf2 29. d5 Nxh3 30. dxc6 bxc6 31. Be3 Ng5 32. f4 Ne6 33. Ne2 Bc5 34. Bd2 Nd4+ 35. Nxd4 Bxd4 36. b3 h5 37. Kd3 Bb2 38. Be1 f5 39. a4 Kf7 40. Bf2 a6 41. Kc4 Ba3 42. Bg3 0-1

[Event "Florianopolis op 9th"]
[Site "Florianopolis"]
[Date "2023.01.24"]
[Round "2"]
[White "Ramazzotte, Alexandre Franco"]
[Black "Martins, Marlos da Rosa"]
[Result "0-1"]
[WhiteElo "1649"]
[BlackElo "1276"]
[PlyCount "114"]
[EventDate "2023.01.23"]
[EventType "swiss"]
[EventRounds "10"]
[EventCountry "BRA"]
[SourceTitle "CBM 212 Extra"]
[Source "ChessBase"]
[SourceDate "2023.03.31"]
[SourceVersion "1"]
[SourceVersionDate "2023.03.31"]
[SourceQuality "1"]

1. e4 c5 2. Nf3 e6 3. d4 cxd4 4. Nxd4 Nc6 5. Nb5 Qa5+ 6. Qd2 Qxd2+ 7. Bxd2 Kd8 8. Bc3 Nf6 9. Nd2 a6 10. Nd4 Nxd4 11. Bxd4 d6 12. f4 Nd7 13. 0-0-0 b5 14. Nf3 Bb7 15. Bd3 Rc8 16. Rhe1 Kc7 17. Ng5 h6 18. Nxf7 Rg8 19. e5 dxe5 20. Bxe5+ Nxe5 21. Bh7 Nxf7 22. Bxg8 Nd8 23. Rd3 Bxg2 24. Red1 Nb7 25. Rd7+ Kb6 26. Bxe6 Rc6 27. Bd5 Bxd5 28. R1xd5 Rf6 29. f5 Rd6 30. R5xd6+ Nxd6 31. Rd8 Be7 32. Rd7 Nxf5 33. Kd2 Bf6 34. c3 Nh4 35. Rd6+ Kb7 36. Ke2 Ng6 37. Kf3 Ne5+ 38. Ke4 Nc4 39. Rd7+ Kc6 40. Rd1 Nxb2 41. Rb1 Bxc3 42. h3 Bf6 43. h4 Nc4 44. Rd1 Bxh4 45. Rc1 a5 46. a4 Kb6 47. axb5 Kxb5 48. Kd5 Nb6+ 49. Kd4 Bf6+ 50. Kd3 a4 51. Rb1+ Ka5 52. Kc2 h5 53. Kd3 h4 54. Rh1 a3 55. Rh2 Kb4 56. Rg2 Kb3 57. Ke4 a2 0-1

[Event "Florianopolis op 8th"]
[Site "Florianopolis"]
[Date "2022.01.24"]
[Round "1"]
[White "Bittencourt, Jorge Humberto M"]
[Black "Ramazzotte, Alexandre Franco"]
[Result "1-0"]
[WhiteElo "2408"]
[BlackElo "1729"]
[PlyCount "85"]
[EventDate "2022.01.24"]
[EventType "swiss"]
[EventRounds "10"]
[EventCountry "BRA"]
[SourceTitle "CBM 206 Extra"]
[Source "ChessBase"]
[SourceDate "2022.03.31"]
[SourceVersion "1"]
[SourceVersionDate "2022.03.31"]
[SourceQuality "1"]

1. d4 e6 2. c4 d5 3. Nf3 Nf6 4. g3 b6 5. cxd5 exd5 6. Bg2 Bb7 7. 0-0 Be7 8. Nc3 0-0 9. Bf4 Nh5 10. Bd2 Nf6 11. Rc1 Nbd7 12. Bf4 Nh5 13. Be3 Nhf6 14. Qb3 Rc8 15. Nb5 a6 16. Na7 Ra8 17. Nc6 Bxc6 18. Rxc6 Nb8 19. Rc2 a5 20. Ne5 a4 21. Qc3 Bd6 22. Bg5 Ra5 23. Qf3 h6 24. Bxf6 Qxf6 25. Qxf6 gxf6 26. Ng4 Kg7 27. Ne3 Kg6 28. Nxd5 Ra7 29. Be4+ f5 30. Bd3 h5 31. h3 Nd7 32. Ne3 Kf6 33. Nxf5 a3 34. b3 Bb4 35. Rc6+ Bd6 36. Nxd6 cxd6 37. Rxd6+ Ke7 38. Rc6 Ra5 39. Rfc1 Rd5 40. e3 Rg8 41. Rc7 f5 42. Bc4 Rd6 43. Bxg8 1-0

[Event "Florianopolis op 7th"]
[Site "Florianopolis"]
[Date "2021.01.20"]
[Round "4"]
[White "Ramazzotte, Alexandre Franco"]
[Black "Staloch, Suellen Daiane"]
[Result "1-0"]
[WhiteElo "1793"]
[BlackElo "1593"]
[PlyCount "97"]
[EventDate "2021.01.18"]
[EventType "swiss"]
[EventRounds "10"]
[EventCountry "BRA"]
[SourceTitle "CBM 200 Extra"]
[Source "ChessBase"]
[SourceDate "2021.03.31"]
[SourceVersion "1"]
[SourceVersionDate "2021.03.31"]
[SourceQuality "1"]

1. e4 c5 2. Nf3 e6 3. d4 cxd4 4. Nxd4 Qb6 5. Nb3 Nf6 6. Nc3 Bb4 7. Bd3 0-0 8. 0-0 Bxc3 9. bxc3 Qc7 10. c4 Nc6 11. Bb2 Ne5 12. Qe2 b6 13. f4 Ng6 14. e5 Ne8 15. Rad1 Ne7 16. Qe4 Nf5 17. Qxa8 Bb7 18. Qxa7 Ne3 19. Rd2 Nxf1 20. Bxf1 f5 21. g3 Bc6 22. Qxc7 Nxc7 23. Bg2 Ra8 24. Bxc6 dxc6 25. a3 b5 26. Rd7 Rc8 27. Nd2 bxc4 28. Nxc4 Nd5 29. Nd6 Rb8 30. Rb7 Ra8 31. Bd4 h6 32. c4 Ra4 33. Ra7 Rxa7 34. Bxa7 Nc3 35. Nb7 g5 36. Kf2 gxf4 37. gxf4 Ne4+ 38. Ke3 Nc3 39. Nd8 Nd1+ 40. Kd4 Nf2 41. a4 h5 42. h4 Ne4 43. Nxe6 Nd2 44. Ng5 Nb3+ 45. Kc3 Nc1 46. e6 Kf8 47. Bc5+ Ke8 48. Bd6 Ne2+ 49. Kb4 1-0

[Event "Curitiba Fexpar op 1st"]
[Site "Curitiba"]
[Date "2018.11.03"]
[Round "4"]
[White "Ramazzotte, Alexandre Franco"]
[Black "Carvalho, Rafael Cunha de"]
[Result "0-1"]
[WhiteElo "1800"]
[BlackElo "2067"]
[PlyCount "86"]
[EventDate "2018.11.02"]
[EventType "swiss"]
[EventRounds "7"]
[EventCountry "BRA"]
[SourceTitle "EXT 2020"]
[Source "ChessBase"]
[SourceDate "2019.10.17"]
[SourceVersion "1"]
[SourceVersionDate "2019.10.17"]
[SourceQuality "1"]

1. e4 e6 2. Nf3 d5 3. Nc3 c5 4. Bb5+ Nc6 5. exd5 exd5 6. Ne5 Qd6 7. Qe2 Be7 8. d3 a6 9. Bxc6+ bxc6 10. Bf4 Qf6 11. Bg3 Nh6 12. 0-0 Nf5 13. Rae1 0-0 14. Qf3 Nd4 15. Qd1 Bd6 16. Na4 Nf5 17. Ng4 Qg6 18. Ne5 Qf6 19. Ng4 Qd8 20. Bxd6 Qxd6 21. Nb6 Rb8 22. Nxc8 Rfxc8 23. b3 Re8 24. Rxe8+ Rxe8 25. Re1 Re6 26. Rxe6 Qxe6 27. Kf1 h5 28. Ne3 Nxe3+ 29. fxe3 Qxe3 30. Qe2 Qxe2+ 31. Kxe2 g5 32. h4 f6 33. Kf3 Kf7 34. c4 Ke6 35. Ke3 Ke5 36. a3 a5 37. a4 gxh4 38. cxd5 cxd5 39. d4+ Kd6 40. Kd3 f5 41. Ke3 c4 42. bxc4 dxc4 43. Kd2 Kd5 0-1

[Event "Curitiba Fexpar op 1st"]
[Site "Curitiba"]
[Date "2018.11.03"]
[Round "3"]
[White "Ramazzotte, Alexandre Franco"]
[Black "Souza dos Santos, Matheus Garcett"]
[Result "1-0"]
[WhiteElo "1800"]
[BlackElo "1900"]
[PlyCount "63"]
[EventDate "2018.11.02"]
[EventType "swiss"]
[EventRounds "7"]
[EventCountry "BRA"]
[SourceTitle "EXT 2020"]
[Source "ChessBase"]
[SourceDate "2019.10.17"]
[SourceVersion "1"]
[SourceVersionDate "2019.10.17"]
[SourceQuality "1"]

1. e4 c5 2. Nf3 d6 3. d4 cxd4 4. Nxd4 Nf6 5. Bd3 a6 6. c4 Nc6 7. Nxc6 bxc6 8. Nc3 g6 9. Qc2 Bg7 10. Bg5 0-0 11. 0-0 Ng4 12. Rab1 Be6 13. b3 Qa5 14. Bd2 Qe5 15. g3 Qh5 16. h4 Ne5 17. Be2 Bg4 18. Bf4 Nf3+ 19. Bxf3 Bxf3 20. Qd3 Bxc3 21. Qxc3 Bxe4 22. Rbe1 d5 23. f3 Bf5 24. Bg5 f6 25. Rxe7 Rf7 26. Rxf7 Kxf7 27. Qxf6+ Kg8 28. g4 Bxg4 29. fxg4 Qxg4+ 30. Kh2 Qd7 31. Bh6 Qc7+ 32. Kh1 1-0